| 000 | 00375nam a2200145Ia 4500 | ||
|---|---|---|---|
| 008 | 220217s9999||||xx |||||||||||||| ||und|| | ||
| 020 | _a9788131518267 | ||
| 082 | _a658 LUS | ||
| 100 | _aLussier, Robert N | ||
| 245 | 0 | _aManagement fundamentals | |
| 250 | _a5th | ||
| 260 |
_aCengage learning _bNew Delhi _c2012 |
||
| 300 |
_aXXV, 579p. _b499 |
||
| 650 | _aMANAGEMENT | ||
| 999 |
_c184451 _d184451 |
||